000 01542nam a2200421Ia 4500
005 20250226112544.0
008 130821s2007 ck a gr spa
020 _a9789589076224 (6a.Ed.)
020 _a9589400337 (5a.Ed)
020 _a9589400639 (4a.Ed.)
040 _aCo-BoUCM
_bspa
_cSaul Niño (Modificó)
_dDavid Moreno (modificó)
041 0 0 _aspa
060 0 0 _aWF 100
100 1 _aChaparro Mutis, Cecilia
_965191
245 1 0 _aNeumología
_cCecilia Chaparro Mutis ... [y otros]
246 2 2 _aFundamentos de medicina. Neumología
250 _aSexta edición
260 _aMedellín (Antioquia, Colombia)
_bCorporación para Investigaciones Biológicas. CIB
_c2007
300 _a769 páginas
_bilustraciones, gráficas
490 0 _aFundamentos de Medicina / Hérnan Vélez A...[y otros]
650 0 7 _aAsma
_99661
650 0 7 _aMicosis
_919474
650 0 7 _aNeumología
_920263
650 0 7 _aOxigenoterapia
_920965
650 0 7 _aTerapia respiratoria
_925394
650 0 7 _aTuberculosis
_925922
653 _aLos paisas
690 _aNeumología
_920263
700 1 _aAwad García, Carlos Enrique
_965192
700 1 _aBorrero R., Jaime
_931696
700 1 _aMaldonado Gómez, Darío
_965193
700 1 _aRestrepo Molina, Jorge
_965194
700 1 _aRojas M., William
_931699
700 1 _aTorres Duque, Carlos Arturo
_965195
700 1 _aVélez Atehortúa, Hernán
_d1931-
_965080
710 2 _aCorporación para Investigaciones Biológicas. CIB
_93450
942 _cLIBRO
_a15
_e6
_mCH462f
_2NLM
_hWF 100
_n0
999 _c57947
_d57947